|
|
|
|
| LEADER |
01131nam a22002537a 4500 |
| 001 |
34845 |
| 003 |
BD-DhAAL |
| 005 |
20251126142749.0 |
| 008 |
190723r20181994bg ||||| |||| 00| 1 ben d |
| 020 |
|
|
|a 9789849310235
|
| 040 |
|
|
|a BD-DhAAL
|c BD-DhAAL
|
| 041 |
|
|
|a ben
|
| 082 |
|
|
|2 23
|a 891.44371
|
| 100 |
|
|
|a ইকবাল, মুহম্মদ জাফর.
|9 33026
|
| 245 |
|
|
|a দুঃস্বপ্নের দ্বিতীয় প্রহর /
|c মুহম্মদ জাফর ইকবাল.
|
| 260 |
|
|
|a ঢাকা :
|b কাকলী প্রকাশনী,
|c ১৯৯৪ [নবম মুদ্রণ ২০১৮].
|
| 300 |
|
|
|a ৬৭ পৃষ্ঠা ;
|c ২১ সে.মি.
|
| 526 |
|
|
|a Residential Campus
|
| 541 |
|
|
|a Development Book Agency
|e 34845
|
| 650 |
|
|
|a Bengali fiction
|z Bangladesh.
|9 33027
|
| 852 |
|
|
|a Savar Campus Library
|c General Stacks
|
| 942 |
|
|
|2 ddc
|c BK
|
| 999 |
|
|
|c 40928
|d 40928
|
| 952 |
|
|
|0 0
|1 0
|2 ddc
|4 0
|6 891_443710000000000_IQB
|7 0
|9 65692
|a SCL
|b SCL
|c GEN
|d 2019-07-17
|e Development Book Agency
|g 85.00
|l 5
|m 5
|o 891.44371 IQB
|p 3020034845
|r 2025-07-01
|s 2025-06-24
|t 1
|v 85.00
|w 2019-07-17
|y BK
|